000 00375nam a2200157Ia 4500
008 230711s9999||||xx |||||||||||||| ||und||
041 _aENG
082 _a621
_bPI-S
100 _aPiotrowski,John
245 0 _aShaft alignment handbook
250 _a2nd
260 _c1986
_aNew Delhi
_bMarcel Dekker Inc.
300 _a278
650 _aMechanical Engineering
942 _cBK
999 _c1888
_d1888